Postup pri kalkulovaní daňovej povinnosti

Guardado en:
Detalles Bibliográficos
Autor principal: Rabatinová, Marcela, 1977-
Formato: Capítulo de libro
Lenguaje:eslovaco
Etiquetas: Agregar Etiqueta
Sin Etiquetas, Sea el primero en etiquetar este registro!

MARC

LEADER 00000naa$a2200000$$$4500
001 0113711
005 20240502072250.3
041 0 |a slo 
044 |a SK 
245 1 0 |a Postup pri kalkulovaní daňovej povinnosti  |c Marcela Rabatinová 
100 1 |a Rabatinová, Marcela, 1977-